Monitorovanie znečistenia životného prostredia na vybranej skládke odpadov = Monitoring of harmful matters on chosen landfill : Diplomová práca

Gespeichert in:
Bibliographische Detailangaben
1. Verfasser: Kadecká, Lucia (Verfasst von)
Weitere Verfasser: Soldán, Maroš, 1969- (xxx)
Format: Manuskript Buch
Sprache:Slowakisch
Veröffentlicht: Trnava : STU v Bratislave MTF UBEI, 2009
Schlagworte:
Tags: Tag hinzufügen
Keine Tags, Fügen Sie das erste Tag hinzu!

MARC

LEADER 00000ntm a22000003a 4500
001 stu180084
005 20160719160121.4
008 090216s2009----xo------------------slo-d
040 |a STU  |b slo 
041 0 |a slo 
044 |a xo 
100 1 |a Kadecká, Lucia  |4 aut 
245 1 |a Monitorovanie znečistenia životného prostredia na vybranej skládke odpadov = Monitoring of harmful matters on chosen landfill :  |b Diplomová práca 
260 |a Trnava :  |b STU v Bratislave MTF UBEI,  |c 2009 
300 |a 80 s  |c 1 CD-ROM 
500 |a Kombinácia študijných odborov: 4.3.2 environmentálne inžinierstvo, 8.3.5 bezpečnosť a ochrana zdravia pri práci 
500 |a Študijný program: environmentálne a bezpečnostné inžinierstvo 
650 7 |a skládkovanie  |2 stusub 
650 7 |a skládkový plyn  |2 stusub 
650 7 |a odpadové hospodárstvo  |2 stusub 
650 7 |a komunálny odpad  |2 stusub 
650 7 |a skládky odpadov  |2 stusub 
700 1 |a Soldán, Maroš,  |d 1969-  |4 xxx  |u M5000  |U MTF Materiálovotechnologická fakulta  |T MTF Ústav bezpečnosti, environmentu a kvality  |X 2878  |U M5000  |Y 85  |7 A000002878 
996 |b 284M069666  |c M*DP-7525  |l MMSKP  |s P  |a 0  |w stu180084_0001